00892nam a22001577a 4500008004100000020001800041050002100059100002500080245011900105260003200224300001800256504003300274505036100307650003200668700003400700130308s2008 mx ||||| |||| 00| 0 spa d a978968244286504aBF723.C5 bD351810aDanset, Alaineautor13aPsicología del desarrollob: introducción y aspectos cognoscitivos c/ Alain Danset ; tr. Helene Levesque Dian aMéxicob: Trillasc, 2008 a278 páginas aBibliografía (pp. 257-278) aEl concepto de la psicología genética Concepciones y teorías El desarrollo de la psicología del desarrollo En busca de datos públicos Un modelo de desarrollo cognoscitivo Del automatismo al "pensamiento" Cambio y continuidad Surgimiento del raciocinio De lo real a lo posible El desarrollo cognoscitivo "con rostro humano" Diferencia y desarrollo10aPSICOLOGÍA DEL DESARROLLO aI. Levesque Dion, Helene, tr.